Gaming Quiz

Random Gaming or Nintendo Quiz

Mario Kart 64 Tracks by Image Quiz Stats

 Plays Quiz Updated Jun 20, 2019

Score 0/16 Timer 02:00
2 Plays Today
% Correct
Moo Moo Farm
83.3%
Rainbow Road
82.3%
Koopa Troopa Beach
81.3%
Bowser's Castle
78.6%
Luigi Raceway
77.6%
Frappe Snowland
75.7%
Wario Stadium
74.8%
Banshee Boardwalk
73%
% Correct
DK's Jungle Parkway
71.6%
Choco Mountain
70.3%
Royal Raceway
67.5%
Toad's Turnpike
65.4%
Mario Raceway
64.7%
Kalimari Desert
64.3%
Sherbet Land
62.6%
Yoshi Valley
61.1%

You're not logged in!

Compare scores with friends on all Sporcle quizzes.
OR
Log In

Sporcle TV

Today on Sporcle TV


Watch our educational content, quiz creation guides, and fun videos on Sporcle TV.

Show Comments

Extras

Top Quizzes Today


Score Distribution

Your Account Isn't Verified!

In order to create a playlist on Sporcle, you need to verify the email address you used during registration. Go to your Sporcle Settings to finish the process.

Report this User

Report this user for behavior that violates our Community Guidelines.

Details: